000 00817nam a2200229Ii 4500
003 JO-AjNU
008 230605s9999||||xx |||||||||||||| ||und||
017 _a2007/7/2261
020 _a978-9957-24-304-3
040 _aJO-AjNU
_bara
_erda
_cJO-AjNU
041 _aara
050 1 4 _aRC439.D33 2008
100 3 _aالدهراوي ، صالح حسن,
_eauthor
_930940
245 0 0 _aاساسيات التوافق النفسي والاضطرابات السلوكية والانفعالية : الاسس والنظريات
250 _aط1
264 3 1 _aعمان:دار الصفاء للنشر ، 2008
300 _a467ص
336 _atext
_btxt
_2rdacontent
337 _aunmediated
_bn
_2rdamedia
338 _avolume
_bnc
_2rdacarrier
650 4 _aالشخصية -سلوك-ااضطرابات شخصية
_930941
999 _aA12321
_c15889
_d15889